| 000 | 00900nam a2200277 i 4500 | ||
|---|---|---|---|
| 001 | 7462 | ||
| 003 | ES-MaACL | ||
| 005 | 20230906145236.0 | ||
| 007 | t| | ||
| 008 | 910121s1989 fr a |||| | fre d | ||
| 020 | _a2-222-04191-0 | ||
| 080 | _a7.037.3 | ||
| 100 | 1 |
_aLista, Giovanni. _972557 |
|
| 245 | 1 | 3 |
_aLa scène futuriste / _cGiovanni Lista. |
| 260 |
_aParis : _bCentre National de la Recherche Scientifique, _c1989. |
||
| 300 |
_a446 p. : _bil. ; _c28 cm. |
||
| 490 | 1 | _aArts du spectacle. Spectacles, histoire, société | |
| 500 | _aCronología. | ||
| 500 | _aÍndices. | ||
| 504 | _aReferencias bibliográficas. | ||
| 650 | 1 | 4 |
_aFuturismo (Arte) _9161992 |
| 710 | 2 |
_aCentre National de la Recherche Scientifique (Francia) _92559 |
|
| 830 | 0 |
_aArts du spectacle. Spectacles, histoire, société _9227897 |
|
| 852 |
_aES-MaACL _jL-14707 _z- enc. cart. |
||
| 999 |
_c7462 _d7462 |
||